Civil Engineering Drawing (Record no. 5012)

MARC details
000 -LEADER
fixed length control field 00407nam a22001697a 4500
005 - DATE AND TIME OF LATEST TRANSACTION
control field 20160701105110.0
008 - FIXED-LENGTH DATA ELEMENTS--GENERAL INFORMATION
fixed length control field 160701b xxu||||| |||| 00| 0 eng d
020 ## - INTERNATIONAL STANDARD BOOK NUMBER
ISBN 978-93-5014-274-1
041 ## - LANGUAGE CODE
Language code of text/sound track or separate title eng
082 ## - DEWEY DECIMAL CLASSIFICATION NUMBER
Item number 18029
100 ## - MAIN ENTRY--AUTHOR NAME
Personal name Sikka V B
245 ## - TITLE STATEMENT
Title Civil Engineering Drawing
260 ## - PUBLICATION, DISTRIBUTION, ETC. (IMPRINT)
Name of publisher S.K. Kataria & Sons
Year of publication 2012
300 ## - PHYSICAL DESCRIPTION
Number of Pages 548
650 ## - SUBJECT ADDED ENTRY--TOPICAL TERM
Topical Term Diploma Engineering
942 ## - ADDED ENTRY ELEMENTS (KOHA)
Koha item type Books
Holdings
Lost status Damaged status Home library Current library Shelving location Date acquired Cost, normal purchase price Full call number Accession Number Koha item type
    JRU Library   SHELF-46-F 01/07/2016 325.00 18029 18029 Books
    JRU Library     01/07/2016 325.00 18029 18030 Books
    JRU Library   SHELF-46-F 01/07/2016 325.00 18029 18031 Books
    JRU Library     01/07/2016 325.00 18029 18032 Books
    JRU Library   SHELF-46-G 01/07/2016 325.00 18029 18033 Books
    JRU Library   SHELF-46-G 01/07/2016 325.00 18029 18034 Books
    JRU Library   SHELF-46-G 01/07/2016 325.00 18029 18035 Books
    JRU Library   SHELF-46-F 01/07/2016 325.00 18029 18036 Books
    JRU Library   SHELF-46-G 01/07/2016 325.00 18029 18037 Books
    JRU Library   SHELF-46-D 01/07/2016 325.00 18029 18038 Books
    JRU Library   SHELF-46-A 01/07/2016 325.00 18029 18039 Books
    JRU Library   SHELF-46-E 01/07/2016 325.00 18029 18040 Books
    JRU Library   SHELF-46-F 01/07/2016 325.00 18029 18041 Books
    JRU Library   SHELF-46-G 01/07/2016 325.00 18029 18042 Books
    JRU Library   SHELF-46-F 01/07/2016 325.00 18029 18043 Books
    JRU Library   SHELF-46-E 01/07/2016 325.00 18029 18044 Books
    JRU Library   SHELF-46-F 01/07/2016 325.00 18029 18045 Books
    JRU Library   SHELF-46-B 01/07/2016 325.00 18029 18046 Books
    JRU Library   SHELF-46-F 01/07/2016 325.00 18029 18047 Books
    JRU Library   SHELF-46-A 01/07/2016 325.00 18029 18048 Books
    JRU Library     01/07/2016 325.00 18029 18049 Books
    JRU Library   SHELF-46-E 01/07/2016 325.00 18029 18050 Books